000
00345pab a2200145 454500
008
180718b2017 xxu||||| |||| 00| 0 eng d
100
_a
Srinivas, V.
245
_a
Rural transformation since independence
260
_c
2017
300
_a
p.60-62.
362
_a
Aug
650
_a
Rural development
773
_a
Kurukshetra
909
_a
115958
999
_c
115952
_d
115952